CompTIA security+ deluxe study guide

Enregistré dans:
Détails bibliographiques
Auteur principal:  Dulaney, Emmett
Format: Sách
Langue:Undetermined
Publié:  Wiley Technology Pub  2011
Sujets:
Tags: Ajouter un tag
Pas de tags, Soyez le premier à ajouter un tag!
Thư viện lưu trữ: Trung tâm Thư viện - Trường Đại học Công nghiệp TP. Hồ Chí Minh
LEADER 00492nam a2200157Ia 4500
001 UIH_07486
008 231011s9999 xx 000 0 und d
082 |a  005.8 
100 |a  Dulaney, Emmett 
245 0 |a  CompTIA security+ deluxe study guide 
245 0 |c  Dulaney, Emmett 
260 |b  Wiley Technology Pub 
260 |c  2011 
650 |a  Bảo mật máy tính;  
927 |a Sách 
980 |a Trung tâm Thư viện - Trường Đại học Công nghiệp TP. Hồ Chí Minh